Toxic waste
| Main Author: | |
|---|---|
| Format: | Book |
| Published: |
London :
Gloucester Press ,
1990
|
| Series: | Save our earth
|
| Subjects: |
MARC
| LEADER | 00000cam a2200000 7i4500 | ||
|---|---|---|---|
| 001 | 0000005430 | ||
| 002 | 000005870 | ||
| 005 | 20000330.0 | ||
| 020 | |a 0749605510 | ||
| 090 | 0 | 0 | |a J 363.7 |b SAV |
| 100 | 1 | |a Hare, Tony | |
| 245 | 1 | 0 | |a Toxic waste |c Tony hare |
| 260 | |a London : |b Gloucester Press , |c 1990 | ||
| 300 | |a 32p : |b ill ; |c 29cm. | ||
| 490 | 0 | |a Save our earth | |
| 650 | 0 | 0 | |a Industrial waste |
| 999 | |a 026854 |b BUKU |c JUNIOR REFERENCE |e PERPUSTAKAAN KOMUNITI CAW KOTA DAMANSARA | ||